000 00337nam a2200133Ia 4500
008 240624s9999 xx 000 0 und d
041 _aeng
082 _a920 MOO
100 _aMOORE CHARLES
245 _aMARGARET THATCHER THE AUTHORIZED BIOGRAP
260 _c2013
_aNew York
_bAllen Lane
300 _a859 : p. : cm. ; 28
365 _cRS
999 _c25858
_d25858